|
|
|
|
| LEADER |
00000nab a2200000 a 4500 |
| 001 |
vtls008963162 |
| 003 |
SK-MaSNL |
| 005 |
20260303070741.0 |
| 008 |
070219 1977 xo 000 0 slo |
| 015 |
|
|
|a SNBRB1977
|
| 040 |
|
|
|a SNKBUCL
|b slo
|c SNKBUCL
|e AACR2
|
| 041 |
0 |
|
|a slo
|
| 044 |
|
|
|a xo
|c SK
|
| 080 |
|
|
|a 791.43(47+57)
|2 2001
|
| 245 |
0 |
0 |
|a Chaplinov cirkus
|b sov. film "Zázrak s vrkočami"
|c (lan)
|
| 630 |
0 |
7 |
|a Zázrak s vrkočami (film)
|2 snkbucl
|9 1068596
|
| 650 |
0 |
7 |
|a sovietske filmy
|2 snkbucl
|9 441149
|
| 655 |
|
7 |
|a recenzie
|2 snkbucl
|9 21907
|
| 773 |
0 |
|
|t Večerník
|g 7.1.1977, s.7
|
| 999 |
|
|
|c 1756769
|d 1758699
|